Southville International School and Colleges
Your cart is empty.
  • Cart
  • Lists
    Public lists Eva Luna New books Lux_list list_1
    Your lists Log in to create your own lists
  • Log in to your account
  • Your cookies
  • Search history
Southville International School and Colleges
  • Advanced search
  • Recent comments
  • Most popular
  • Libraries

Log in to your account

Log in with GOOGLE


If you do not have an external account, but do have a local account, you can still log in:

  1. Home
  2. MARC view: This is Belgium /
Normal view MARC view ISBD view

This is Belgium / (Record no. 9370)

[ view plain ]
MARC details
000 -LEADER
fixed length control field 00833cam a22002891 4500
001 - CONTROL NUMBER
control field 8902534
003 - CONTROL NUMBER IDENTIFIER
control field OSt
005 - DATE AND TIME OF LATEST TRANSACTION
control field 20140310182110.0
008 - FIXED-LENGTH DATA ELEMENTS--GENERAL INFORMATION
fixed length control field 861011s1955 enka 000 0 eng
010 ## - LIBRARY OF CONGRESS CONTROL NUMBER
LC control number 61035766
015 ## - NATIONAL BIBLIOGRAPHY NUMBER
National bibliography number GB55-11794
035 ## - SYSTEM CONTROL NUMBER
System control number (OCoLC)14380111
040 ## - CATALOGING SOURCE
Original cataloging agency DLC
Transcribing agency DNG
Modifying agency OCoLC
-- Uk
-- DLC
041 1# - LANGUAGE CODE
Language code of text/sound track or separate title eng
Language code of original and/or intermediate translations of text und
050 00 - LIBRARY OF CONGRESS CALL NUMBER
Classification number DH 424
Item number .B429 1955
082 ## - DEWEY DECIMAL CLASSIFICATION NUMBER
Classification number HS 949.3
Item number Th34 19
100 1# - MAIN ENTRY--PERSONAL NAME
Personal name Oorthuys, Cas.
9 (RLIN) 13371
245 10 - TITLE STATEMENT
Title This is Belgium /
Statement of responsibility, etc Cas Oorthuys.
260 ## - PUBLICATION, DISTRIBUTION, ETC. (IMPRINT)
Place of publication, distribution, etc Oxford :
Name of publisher, distributor, etc New York : Harry N. Abrams,Inc,
Date of publication, distribution, etc 19--
300 ## - PHYSICAL DESCRIPTION
Extent 94 p. ;
Other physical details ill. ;
Dimensions 19 cm.
490 0# - SERIES STATEMENT
Series statement Contact photo books of the world
650 ## - SUBJECT ADDED ENTRY--TOPICAL TERM
Topical term or geographic name as entry element Belgium
General subdivision Pictorial works.
9 (RLIN) 13372
700 1# - ADDED ENTRY--PERSONAL NAME
Personal name Jonckheere, Karel,
Dates associated with a name 1906-
9 (RLIN) 13373
906 ## - LOCAL DATA ELEMENT F, LDF (RLIN)
a 7
b cbc
c oclcrpl
d u
e ncip
f 19
g y-gencatlg
942 ## - ADDED ENTRY ELEMENTS (KOHA)
Source of classification or shelving scheme Library of Congress Classification
Call number prefix
Holdings
Withdrawn status Lost status Source of classification or shelving scheme Damaged status Home library Current library Shelving location Date acquired Total Checkouts Full call number Barcode Date last seen Copy number Price effective from Koha item type
    Library of Congress Classification   Luxembourg Library Luxembourg Library High School Section 08/24/2013   DH 424 .B429 1955 9020 08/24/2013 1 08/24/2013 Books

This is Belgium /

APA

Oorthuys C., Jonckheere K., . (19). This is Belgium. Oxford: New York : Harry N. Abrams,Inc.

Chicago

Oorthuys Cas, Jonckheere Karel, . 19. This is Belgium. Oxford: New York : Harry N. Abrams,Inc.

Harvard

Oorthuys C., Jonckheere K., . (19). This is Belgium. Oxford: New York : Harry N. Abrams,Inc.

MLA

Oorthuys Cas, Jonckheere Karel, . This is Belgium. Oxford: New York : Harry N. Abrams,Inc. 19.

  • Place hold
  • Print
  • Cite
  • Add to your cart (remove)
  • Save record
    BIBTEX Dublin Core MARCXML MARC (non-Unicode/MARC-8) MARC (Unicode/UTF-8) MARC (Unicode/UTF-8, Standard) MODS (XML) RIS
  • More searches
    Search for this title in:
    Other Libraries (WorldCat) Other Databases (Google Scholar) Online Stores (Bookfinder.com) Open Library (openlibrary.org)

Exporting to Dublin Core...

SOUTHVILLE LIBRARY

Southville International School and Colleges Library

1281 Tropical Ave. Cor. Luxembourg St., BF Homes International, Las Pinas City

Tel. No. 8256374 / 252358 Loc. 117/146

Powered by Koha